• 首页
  • 本馆介绍
  • 公告通知
  • 最新文献
  • 馆藏检索
  • 电子资源
  • 读者导购
  • 参考咨询
  • 我的图书馆
  • 登录
  • 详细信息显示
  • 放入我的书架
  • 预约/预借图书
  • 作者相关作品
  • 分类相关作品
  • 丛书相关作品
  • 出版社相关作品

书目信息

  • 表格格式
  • 工作单格式
  • 卡片格式
题名:
电路基础习题解答
    
 
作者: 姜钧仁 编
分册:  
出版信息: 哈尔滨   哈尔滨工程大学出版社  2003
页数: 168页
开本: 26cm
丛书名:
单 册:
中图分类: TM13
科图分类:
主题词: 电路理论--解题
电子资源:
ISBN: 7-81073-535-7
000 00738nam0 2200217 45
001 002569377
005 20050415084855.4
010    @a7-81073-535-7@dCNY14.50
100    @a20040203d2003 em y0chiy0110 ea
101 0  @achi
102    @aCN@b230000
105    @ay q 000yy
200 1  @a电路基础习题解答@Adian lu ji chu xi ti jie da@f姜钧仁编@FJiang Jun Ren Bian
210    @a哈尔滨@c哈尔滨工程大学出版社@d2003
215    @a168页@d26cm
330    @a本教材是配套的习题解答,全书十一章共计204道题,书中解题、叙述详尽、步骤完整、附图齐全,对某些题的关键之点及易于出错之处,均予以点出或加以说明。
606 0  @a电路理论@x解题
690    @aTM13@v4
701  0 @a姜钧仁@4编
801  0 @aCN@bNLC@c20040326
905    @f5@b350595-599@dTM13@e105(+)
    
    电路基础习题解答/姜钧仁编.-哈尔滨:哈尔滨工程大学出版社,2003
    168页;26cm
    
    
    ISBN 7-81073-535-7:CNY14.50
    本教材是配套的习题解答,全书十一章共计204道题,书中解题、叙述详尽、步骤完整、附图齐全,对某些题的关键之点及易于出错之处,均予以点出或加以说明。
●
相关链接 在E读中查询图书 在五车中查询图书 在当当中查询图书 在豆瓣中查询图书


正题名:电路基础习题解答     索取号:TM13/105(+)         预约/预借

序号 登录号 条形码 馆藏地/架位号 状态 备注
1 0350595   3505950   第二样本阅览室/ [索取号:TM13/105(+)] 在馆    
2 0350596   3505969   第三借阅区/ [索取号:TM13/105(+)] 在馆    
3 0350597   3505978   第三借阅区/ [索取号:TM13/105(+)] 在馆    
4 0350598   3505987   第三借阅区/ [索取号:TM13/105(+)] 在馆    
5 0350599   3505996   第三借阅区/ [索取号:TM13/105(+)] 在馆    
唐山师范学院图书馆 欢迎您!
大连网信软件有限公司© 版权所有